Nestanovené alebo povrchne stanovené enviromentálne aspekty a vplyvy
Ak nám záleží na tom, aby v organizácií došlo k enviromentálnemu zlepšeniu, tak je dôležité popísať všetky procesy, ku ktorým pri činnosti organizácie dochádza, ako aj jednotlivé aspekty a vplyvy na životné prostredie. Je chybou, ak sú tieto procesy stanovené povrchne, prípadne nie sú stanovené vôbe...
Salvato in:
| Autore principale: | |
|---|---|
| Altri autori: | , |
| Natura: | Capitolo di libro |
| Lingua: | slovacco |
| Soggetti: | |
| Tags: |
Nessun Tag, puoi essere il primo ad aggiungerne!!
|
MARC
| LEADER | 00000naa a2200000 4500 | ||
|---|---|---|---|
| 001 | 0303305 | ||
| 005 | 20250123113438.3 | ||
| 041 | 0 | |a slo | |
| 044 | |a SK | ||
| 245 | 1 | 0 | |a Nestanovené alebo povrchne stanovené enviromentálne aspekty a vplyvy |c Michal Stričík, Barbora Gontkovičová, Mikuláš Čollák |
| 520 | |a Ak nám záleží na tom, aby v organizácií došlo k enviromentálnemu zlepšeniu, tak je dôležité popísať všetky procesy, ku ktorým pri činnosti organizácie dochádza, ako aj jednotlivé aspekty a vplyvy na životné prostredie. Je chybou, ak sú tieto procesy stanovené povrchne, prípadne nie sú stanovené vôbec. Pre lepšiu názornosť je článok vhodným spôsobom doplnený aj o konkrétne pozitívne, či negatívne príklady z praxe. | ||
| 610 | 2 | 0 | |a prostredie životné |
| 610 | 2 | 0 | |a organizácia |
| 610 | 2 | 0 | |a organizácie |
| 610 | 2 | 0 | |a podnik |
| 610 | 2 | 0 | |a firmy |
| 610 | 2 | 0 | |a zlepšovateľstvo |
| 610 | 2 | 0 | |a procesy podnikové |
| 610 | 2 | 0 | |a prax odborná |
| 100 | 1 | |a Stričík, Michal, 1969- | |
| 700 | 1 | |a Gontkovičová, Barbora, 1986- | |
| 700 | 1 | |a Čollák, Mikuláš | |